Công đoàn các nước trong khu vực Châu á - Thái Bình Dương
Quá trình hình thành, phát triển và các bước thăng trầm, xu hướng của các công đoàn các nước trong khu vực: Trung Quốc, Thái Lan, Nam Triều Tiên, Hồng Kông, Đài Loan, Singapo, Malaixia, ốtraylia, Niu Dilan
Gardado en:
| Formato: | Libro |
|---|---|
| Idioma: | Undetermined |
| Publicado: |
Hà Nội
Lao động
1996
|
| Những chủ đề: | |
| Các nhãn: |
Engadir etiqueta
Sen Etiquetas, Sexa o primeiro en etiquetar este rexistro!
|
| Thư viện lưu trữ: | Trung tâm Học liệu Trường Đại học Cần Thơ |
|---|
| LEADER | 00899nam a2200193Ia 4500 | ||
|---|---|---|---|
| 001 | CTU_36406 | ||
| 008 | 210402s9999 xx 000 0 und d | ||
| 020 | |c 36300 | ||
| 082 | |a 331.87 | ||
| 082 | |b C455 | ||
| 245 | 0 | |a Công đoàn các nước trong khu vực Châu á - Thái Bình Dương | |
| 245 | 0 | |c Malcolm Warnew ...[et al.]; Người dịch: Lưu Ngọc Trịnh, Ngô Bá Kha | |
| 260 | |a Hà Nội | ||
| 260 | |b Lao động | ||
| 260 | |c 1996 | ||
| 520 | |a Quá trình hình thành, phát triển và các bước thăng trầm, xu hướng của các công đoàn các nước trong khu vực: Trung Quốc, Thái Lan, Nam Triều Tiên, Hồng Kông, Đài Loan, Singapo, Malaixia, ốtraylia, Niu Dilan | ||
| 650 | |a Trade-union | ||
| 904 | |i Nguyên sửa | ||
| 980 | |a Trung tâm Học liệu Trường Đại học Cần Thơ | ||